Derecho Tributario Peruano Impuesto al valor agregado (IGV) / Vol. III

Bibliographic Details
Main Author: Ruiz de Castilla Ponce de Len̤, Francisco
Format: eBook
Language:Spanish
Published: Lima: Palestra Editores, 2021
Subjects:
Online Access:Acceso restringido

MARC

LEADER 00000nam a22000007a 4500
005 2022082409099.0
007 cr|||| ||||
008 220824s2021 pe |||||s|||| 00||0 spa d
020 |a 9786123252175 
035 |a 36949 
040 |a vLex 
090 |c 13815  |d 13815 
100 1 |a Ruiz de Castilla Ponce de Len̤, Francisco 
245 1 0 |a Derecho Tributario Peruano  |h [Recurso electrn̤ico] :  |b Impuesto al valor agregado (IGV) /  |c Francisco Ruiz de Castilla Ponce de Len̤  |n Vol. III 
256 |a Servicio en ln̕ea 
260 |a Lima:  |b Palestra Editores,  |c 2021 
300 |a 1 recurso electrn̤ico 
500 |a Este tercer volumen de Derecho Tributario Peruano se dedica al estudio del Impuesto al Valor Agregado, que en nuestro pas̕ toma el nombre de Impuesto General a las Ventas (IGV), partiendo de un anl̀isis de los temas y normas bs̀icas de esta materia. Una particularidad de la presente obra es que se trabaja mucho en el plano conceptual y se toma muy en cuenta las consideraciones tčnicas que emanan de la teora̕ de la imposicin̤ relativas a la hipt̤esis de incidencia tributaria y la obligacin̤ tributaria, habida cuenta que existe poca bibliografa̕ dedicada al estudio jurd̕ico del Impuesto al Valor Agregado. La lectura conjunta con los dos otros volm︢enes de Derecho Tributario Peruano, servirǹ como base solida para conocer el sistema tributario de nuestro pas̕. 
506 1 |a Disponible solo en los productos indicados  |d vLex Global  |d vLex Global (Academic Edition, excluding Law Schools)  |d vLex Global (U.S. Academic Edition, Law Schools)  |d vLex Global (U.S. Academic Edition, excluding Law Schools)  |d vLex Global (Academic Edition, Law Schools) 
650 0 4 |a Derecho Tributario  |z Per︢ 
740 0 |a vLex Libros (Servicio en ln̕ea) 
856 4 0 |u https://app.vlex.com/#/sources/36949  |z Acceso restringido 
942 |c BOOK 
999 0 |a Tax Law